MARC

LEADER 00000nam0a2200000 4500
001 260535
005 20231101233503.0
010 |a 5020089249 
035 |a (RuTPU)RU\TPU\book\283486 
090 |a 260535 
100 |a 20140516d1988 k y0rusy50 ca 
101 0 |a rus 
102 |a RU 
105 |a a z 001zb 
200 1 |a Эрнст Тельман: страницы жизни и борьбы  |f Д. С. Давидович  |g Академия наук СССР (АН СССР), Институт истории ; под ред. Г. Я. Рудовой 
205 |a 3-е изд., доп. и перераб. 
210 |a Москва  |c Наука  |d 1988 
215 |a 224 с.  |c ил. 
225 1 |a Борьба народов против фашизма и агрессии 
320 |a Библиогр. в тексте 
320 |a Указ. имен: с. 220-223 
600 1 |a Тельман  |b Э.  |c политический деятель  |c лидер немецких коммунистов  |f 1857-1944  |g Эрнст  |2 stltpush  |3 (RuTPU)RU\TPU\pers\33971 
606 1 |a Коммунистические партии отдельных зарубежных стран  |2 stltpush  |3 (RuTPU)RU\TPU\subj\14922  |9 41242 
610 1 |a история 
610 1 |a коммунистическое движение 
610 1 |a 20 век 
610 1 |a Германия 
610 1 |a фашизм 
610 1 |a гестапо 
610 1 |a революционеры 
610 1 |a биографии 
686 |a Ф61(4Г)  |v LBC/SL-A  |2 rubbk 
700 1 |a Давидович  |b Д. С.  |g Давид Самойлович 
702 1 |a Рудова  |b Г. Я.  |4 340 
712 0 2 |a Академия наук СССР (АН СССР)  |b Институт истории  |c (1936-1968)  |c (Москва)  |2 stltpush  |3 (RuTPU)RU\TPU\col\3279 
801 1 |a RU  |b 63413507  |c 20140516 
801 2 |a RU  |b 63413507  |c 20160429  |g RCR 
942 |c BK